| 000 | 00376pab a2200157 454500 | ||
|---|---|---|---|
| 008 | 180718b2009 xxu||||| |||| 00| 0 eng d | ||
| 100 | _aBidwai, Praful | ||
| 245 | _aLandmark judgment on gay rights: litmus test for tolerance | ||
| 260 | _c2009 | ||
| 300 | _ap.19-21. | ||
| 362 | _a18 Jul | ||
| 650 | _aHomophobia | ||
| 773 | _aMainstream | ||
| 908 | _aN | ||
| 909 | _a82981 | ||
| 999 |
_c82981 _d82981 |
||